000 00310nam a22001337a 4500
999 _c171000
_d171000
082 _a
_b
100 _aHamilton Sue
245 _aIndian philosophy:
_ba very short introduction/
_cby Hamilton Sue.
260 _aNew Delhi:
_bOxford,
_c2001.
300 _a153p.
600 _a
650 _a
942 _cBK